| 000 | 00345nam a2200109Ia 4500 | ||
|---|---|---|---|
| 008 | 180116s9999 xx 000 0 und d | ||
| 020 | _a9780323073547 | ||
| 245 |
_cStewart Carlyle Bushong, Geoffrey Clarke _aMagnetic Resonance Imaging: physical and biological principles |
||
| 250 | _a4th ed | ||
| 260 |
_bElsevier Inc _c2015 |
||
| 300 | _a513 pages | ||
| 999 |
_c353261 _d353261 |
||